Englisch=Apostolischer Lebens=Wandel... wie auch Apostolischen Wundermanns Vincentii FERRERII, Prediger=Ordens... /
Saved in:
| Main Author: | |
|---|---|
| Format: | Book |
| Language: | German |
| Published: |
Steyr :
Abraham Wimmer,
1773
|
| Edition: | 1. vyd. |
| Subjects: | |
| ISBN: |
(viaz.) |
| Physical Description: |
408 s. |
| Tags: |
Add Tag
No Tags, Be the first to tag this record!
|
Titul je dostupný aj v ... 

MARC
| LEADER | 00000nam a2200000 a 4500 | ||
|---|---|---|---|
| 001 | 000025708 | ||
| 003 | SVKK | ||
| 005 | 19960319000000.0 | ||
| 008 | 951221s1773 xxk e gero | ||
| 020 | |a (viaz.) | ||
| 040 | |a SVKKK |b slo |c SVKKK |e AACR2 | ||
| 041 | 0 | |a ger | |
| 044 | |a xxk |c GB | ||
| 080 | |a 235.3 |2 1997 | ||
| 080 | |a 243 |2 1997 | ||
| 100 | 1 | |a Priestern, R.B. |4 aut | |
| 245 | 1 | 0 | |a Englisch=Apostolischer Lebens=Wandel... wie auch Apostolischen Wundermanns Vincentii FERRERII, Prediger=Ordens... / |c R.B. Priestern |
| 250 | |a 1. vyd. | ||
| 260 | |a Steyr : |b Abraham Wimmer, |c 1773 | ||
| 300 | |a 408 s. | ||
| 653 | 0 | |a Vincenti Ferrerii, sv. |2 SVKKKPH | |
| 653 | 0 | |a svätci |2 SVKKKPH | |
| 653 | 0 | |a životopisy |2 SVKKKPH | |
| 655 | 7 | |a monografie |2 SVKKKPH | |
| 910 | |a svkkk | ||
| 974 | |a EG |d 19960229 | ||
| 974 | |a PA |d 19960319 | ||
| 974 | |a EG |d 19960319 | ||
| 998 | |a BK | ||
| 090 | |g SCKHL |k HIS - sklad Zvonárska 19 |a VII.112 |j 890527 |i 2720456085 |s Príručka / Študovňa | ||